| 000 | 00369 a2200145 4500 | ||
|---|---|---|---|
| 999 |
_c11967 _d11967 |
||
| 003 | OSt | ||
| 005 | 20231229182633.0 | ||
| 008 | 231229b ||||| |||| 00| 0 eng d | ||
| 020 | _a9788968010187 | ||
| 082 | _a692.1 | ||
| 100 | _aLorraine Farelli as Imsera | ||
| 245 |
_aDamdi academic series 3: _brepresentational tecgniques |
||
| 260 |
_bDamdi _c2013 |
||
| 942 | _2ddc | ||